000 00222 a2200097 4500
001 10522
100 _aLamb, S H
245 _aElementry course of infinitesimal calculas.
260 _a
_bCambridge
_c
090 _c8137
_d8137
942 _aNUST-CAE
_cM
_c34864
999 _c245595
_d245595